A treatise on limnology / (Record no. 55027)
[ view plain ]
| 000 -LEADER | |
|---|---|
| fixed length control field | 00713nam a2200229 a 4500 |
| 001 - CONTROL NUMBER | |
| control field | 55027 |
| 003 - CONTROL NUMBER IDENTIFIER | |
| rucl marc code | BD- RjUL |
| 005 - DATE AND TIME OF LATEST TRANSACTION | |
| control field | 20211209080214.0 |
| 008 - FIXED-LENGTH DATA ELEMENTS--GENERAL INFORMATION | |
| fixed length control field | 161113b1967 enk||||| |||| 001 0 eng d |
| 035 ## - SYSTEM CONTROL NUMBER | |
| System control number | (BD- RjUL)55149 |
| 040 ## - CATALOGING SOURCE | |
| Original cataloging agency | DLC |
| Transcribing agency | DLC |
| Language of cataloging | eng |
| Modifying agency | BD- RjUL |
| 041 ## - LANGUAGE CODE | |
| Language code of text/sound track or separate title | eng |
| 082 ## - DEWEY DECIMAL CLASSIFICATION NUMBER | |
| Classification number | 551.48 |
| Edition number | 23 |
| Author mark and year | HUT 1967 |
| 100 10 - MAIN ENTRY--PERSONAL NAME | |
| Personal name | Hutchinson, G. Evelyn |
| 9 (RLIN) | 164054 |
| 245 12 - TITLE STATEMENT | |
| Title | A treatise on limnology / |
| Statement of responsibility, etc. | G. Evelyn Hutchinson |
| 260 ## - PUBLICATION, DISTRIBUTION, ETC. (IMPRINT) | |
| Place of publication, distribution, etc. | New York : |
| Name of publisher, distributor, etc. | John Wile and sons, |
| Date of publication, distribution, etc. | 1967. |
| 300 ## - PHYSICAL DESCRIPTION | |
| Pagination | v. : |
| Illustrations | ill. ; |
| Size | 24 cm. |
| 500 ## - GENERAL NOTE | |
| General note | Includes index. |
| 505 0# - FORMATTED CONTENTS NOTE | |
| Formatted contents note | v. 1 Geography, Physics, and Chemistry -- v. 2 Introduction to lake biology and limnoplankton -- |
| 650 #0 - SUBJECT ADDED ENTRY--TOPICAL TERM | |
| Topical term or geographic name as entry element | Limnology. |
| 9 (RLIN) | 118358 |
| 942 ## - ADDED ENTRY ELEMENTS (KOHA) | |
| Source of classification or shelving scheme | Dewey Decimal Classification |
| Koha item type | Books |
| Lost status | Source of classification or shelving scheme | Damaged status | Not for loan | Collection code | Permanent Location | Current Location | Shelving location | Date acquired | Source of acquisition | Cost, normal purchase price | Total Checkouts | Full call number | Date last seen | Copy number | Koha item type |
|---|---|---|---|---|---|---|---|---|---|---|---|---|---|---|---|
| Dewey Decimal Classification | Non-fiction | Central Library, University of Rajshahi | Central Library, University of Rajshahi | 02/09/1968 | zeitlinger | 365.00 | 551.48 HUT V-2 1967 | 13/11/2016 | C-2 | Books | |||||
| Dewey Decimal Classification | Not For Loan | Non-fiction | Central Library, University of Rajshahi | Central Library, University of Rajshahi | Reading Room | 11/01/1969 | Zeitlinger | 551.48 HUT V-1 1957 | 25/05/2017 | C-1 | Books | ||||
| Dewey Decimal Classification | Not For Loan | Non-fiction | Central Library, University of Rajshahi | Central Library, University of Rajshahi | Reading Room | 11/01/1969 | Zeitlinger | 551.48 HUT V-2 1967 | 25/05/2017 | C-1 | Books | ||||
| Dewey Decimal Classification | Non-fiction | Central Library, University of Rajshahi | Central Library, University of Rajshahi | 09/12/2021 | Zeithenger | 551.48 HUT V-1 1957 | 29/05/2017 | C-2 | Books | ||||||
| Dewey Decimal Classification | Non-fiction | Central Library, University of Rajshahi | Central Library, University of Rajshahi | 09/12/2021 | Zeithenger | 551.48 HUT V-1 1957 | 29/05/2017 | C-3 | Books | ||||||
| Dewey Decimal Classification | Non-fiction | Central Library, University of Rajshahi | Central Library, University of Rajshahi | 04/10/1965 | Zeitlinger | 108.00 | 551.48 HUT V-1 1967 | 26/11/2018 | C-4 | Books | |||||
| Dewey Decimal Classification | Non-fiction | Central Library, University of Rajshahi | Central Library, University of Rajshahi | 29/03/1968 | US aid | 108.00 | 551.48 HUT V-2 1967 | 26/11/2018 | C-3 | Books | |||||
| Dewey Decimal Classification | Non-fiction | Central Library, University of Rajshahi | Central Library, University of Rajshahi | 04/05/1968 | Zeitlinger | 360.00 | 551.48 HUT V-2 1967 | 26/11/2018 | C-4 | Books | |||||
| Dewey Decimal Classification | Non-fiction | Central Library, University of Rajshahi | Central Library, University of Rajshahi | 11/01/1969 | Zeitlinger | 551.48 HUT 1967 V-2 | 20/12/2018 | C-5 | Books | ||||||
| Dewey Decimal Classification | Non-fiction | Central Library, University of Rajshahi | Central Library, University of Rajshahi | 02/09/1968 | Swets & zeitlinger | 365.00 | 551.48 HUT 1967 | 30/01/2019 | C-6 | Books |